00409nam a22001457a 4500020001500000082000800015100001600023245002900039250001200068260004000080300000900120942000700129999001500136952011200151 a0534597870 a150 aDennis Coon aEssentials of psychology a9th ed. aAustraliabThomson wardsworthc2003 a623p cBK c2861d2861 001040708NFICaCLbCLcGENd2016-03-22l3m3o150 COOpS3H-N-198r2022-12-11s2022-11-10w2016-03-22yBK